000
00280nam a22001337a 4500
003
SGT
082
_a
370
_b
E14R
100
_a
RUHELA, S.P.
245
_a
ESSENTIALS OF EDUCATION
260
_a
NEW DELHI
_b
INDIAN PUB
_c
2014
300
_a
141
650
_a
EDUCATION
942
_2
ddc
_c
BK
999
_c
12056
_d
12056